000 01128njm a22002657a 4500
005 20100907105050.0
006 a|||||r|||||00| 0
007 sd ammalaaahaa
008 100907t xxu||||| |||| 00| 0 eng d
028 _aGE.22773
_bColumbia
035 _aGR-01046
040 _aSED
_cSED
100 _917690
_aMahalingam, T.R.
245 _aSuki Evaro-part 1 /
_cby T.R. Mahalingam, Ramabhadran [and] Veeraraghavan
_h[Sound Recording] :
246 _aसुकी एवारो -पार्ट १ / टी.र. महालिंगम द्वारा
260 _aDum Dum India
_bColumbia
300 _a1 sound disc (Gramophone Recording)
_banalog, 33 1/3 rpm
_c9.5 in. (MP)
_fGramophone Record
500 _aBrief Record
505 _aSide-2 सुकी एवारो -पार्ट २ (Suki Evaro-part 2) (T.R. Mahalingam, Ramabhadran & Veeraraghavan) )
650 _aInstrumental Classical Music
_xExcerpts
_zIndia
_917691
700 _917720
_aRamabhadran
700 _aVeeraraghavan
_918684
942 _2ddc
_cGR
999 _c44132
_d44132